BIBLIOTECA

SENCICO

Sistema de reajuste de precios por formulas polinómicas en la construcción (Registro nro. 3431)

Detalles MARC
000 -LEADER
fixed length control field 00499nam a2200181Ia 4500
005 - DATE AND TIME OF LATEST TRANSACTION
control field 20251020182614.0
008 - FIXED-LENGTH DATA ELEMENTS--GENERAL INFORMATION
fixed length control field 200515s9999 xx 000 0 und d
082 ## - DEWEY DECIMAL CLASSIFICATION NUMBER
Classification number SC/69:338.5:512.1/C29
100 ## - MAIN ENTRY--PERSONAL NAME
Personal name CASTILLO ARISTONDO, Rodolfo SARMIENTO SOTO, Juan
245 #0 - TITLE STATEMENT
Title Sistema de reajuste de precios por formulas polinómicas en la construcción
250 ## - EDITION STATEMENT
Edition statement 4a ed.
260 ## - PUBLICATION, DISTRIBUTION, ETC.
Place of publication, distribution, etc. Lima
260 ## - PUBLICATION, DISTRIBUTION, ETC.
Date of publication, distribution, etc. 1985
300 ## - PHYSICAL DESCRIPTION
Extent 78
650 ## - SUBJECT ADDED ENTRY--TOPICAL TERM
Topical term or geographic name entry element FORMULAS POLINOMICAS
650 ## - SUBJECT ADDED ENTRY--TOPICAL TERM
Topical term or geographic name entry element PUB CAPECO
942 ## - ADDED ENTRY ELEMENTS (KOHA)
Koha item type Libros
Existencias
Fecha de la última vez que lo usaron Pago total Signatura topográfica completa Código de barras Precio efectivo desde Tipo de documento Estado perdido Estado dañado No es para préstamo Retirado Ubicación permanente Ubicación actual Fecha de adquisición
15/05/2020   SC/69:338.5:512.1/C29 Bib-Lima15053431 15/05/2020 Libros         Biblioteca Central Lima Biblioteca Central Lima 15/05/2020